000
00204nam a22000857a 4500
008
170601b xxu||||| |||| 00| 0 eng d
100
_9
3216
_a
Shastri. C
245
_a
Garuda
260
_a
New Delhi
_b
Devamala
_c
2001
999
_c
6529
_d
6529